|
|
|
|
| LEADER |
00000ny a22000003n 4500 |
| 005 |
20110523145344.0 |
| 008 |
080618s2005 sp s 000 0 spa c |
| 020 |
|
|
|a 84-340-1423-8
|
| 035 |
|
|
|a 1787
|
| 040 |
|
|
|a UMA.RE
|d vLex
|
| 080 |
|
|
|a 347.9(460)(0.034)
|
| 090 |
|
|
|c 177
|d 177
|
| 100 |
1 |
|
|a Cancio Fernǹdez, Ral︢ C
|
| 245 |
1 |
3 |
|a La justicia sin intermediarios
|h [Recurso electrn̤ico]
|c Ral︢ C. Cancio Fernǹdez
|
| 256 |
|
|
|a Servicio en ln̕ea
|
| 260 |
|
|
|a [Madrid] :
|b Boletn̕ Oficial del Estado,
|c 2005
|
| 506 |
1 |
|
|a Contenido solo disponible en los productos indicados
|d vLex Global
|d vLex Global (Academic Edition, excluding Law Schools)
|d vLex Global (U.S. Academic Edition, Law Schools)
|d vLex Global (U.S. Academic Edition, excluding Law Schools)
|d vLex Global (Academic Edition, Law Schools)
|
| 650 |
0 |
7 |
|a Procesal
|2 Tesauro vLex
|
| 650 |
0 |
7 |
|a Principio de inmediacin̤
|2 Tesauro vLex
|
| 710 |
2 |
|
|a Boletn̕ Oficial del Estado (Espaą)
|
| 740 |
0 |
|
|a vLex Libros (Servicios en ln̕ea)
|
| 856 |
4 |
0 |
|u http://vlex.com/source/1787
|z Acceso restringido
|
| 942 |
|
|
|c BOOK
|
| 999 |
0 |
|
|a Procedure Law
|b Spain
|